Basic electrical engineering (Record no. 7166)

000 -LEADER
fixed length control field 00658nam a2200217 4500
001 - CONTROL NUMBER
control field 7166
003 - CONTROL NUMBER IDENTIFIER
control field BD-DhUET
008 - FIXED-LENGTH DATA ELEMENTS--GENERAL INFORMATION
fixed length control field 740521s1975 nyua 001 0 eng
020 ## - INTERNATIONAL STANDARD BOOK NUMBER
International Standard Book Number 0070211523
040 ## - CATALOGING SOURCE
Original cataloging agency DLC
Transcribing agency DLC
Modifying agency BD-DhUET
082 00 - DEWEY DECIMAL CLASSIFICATION NUMBER
Classification number 623
Item number FIT/1975
100 1# - MAIN ENTRY--PERSONAL NAME
Personal name Fitzgerald, A. E.
245 10 - TITLE STATEMENT
Title Basic electrical engineering
Remainder of title circuits,electronics,machines,control
Statement of responsibility, etc. by A. E. Fitzgerald, David E. Higginbotham and Arvin Grabel
250 ## - EDITION STATEMENT
Edition statement 4th ed.
260 ## - PUBLICATION, DISTRIBUTION, ETC. (IMPRINT)
Place of publication, distribution, etc. New York
Name of publisher, distributor, etc. McGraw-Hill
Date of publication, distribution, etc. 1975
300 ## - PHYSICAL DESCRIPTION
Extent xiv, 817 p.
Other physical details illus.
Dimensions 24 cm.
650 #0 - SUBJECT ADDED ENTRY--TOPICAL TERM
Topical term or geographic name as entry element Electricity : Engineering
700 ## - ADDED ENTRY--PERSONAL NAME
Personal name Higginbotham, David E.
700 ## - ADDED ENTRY--PERSONAL NAME
Personal name Grabel, Arvin
942 ## - ADDED ENTRY ELEMENTS (KOHA)
Koha item type General Book
Holdings
Sublocation or collection (holding branch) Source of classification or shelving scheme Not for loan Copy number Damaged status Date acquired Koha issues (times borrowed) Koha item type Koha date last seen Withdrawn status Koha full call number Koha normalized classification for sorting Location (home branch) Koha date last borrowed Piece designation (barcode) Price effective from Shelving location Lost status
Central Library, BUET  1 2014-12-071General Book2018-08-04 623/PIT/1975623PIT1975Central Library, BUET2018-07-21653642014-12-07Circulation section 
Central Library, BUET  2 2015-03-12 General Book2015-03-12 623/PIT/1975623_000000000000000_PIT_1975Central Library, BUET 433092015-03-12Circulation section 
Central Library, BUET  3 2015-03-12 General Book2015-03-12 623/PIT/1975623_000000000000000_PIT_1975Central Library, BUET 433142015-03-12Circulation section 
Central Library, BUET  4 2015-03-12 General Book2015-03-12 623/PIT/1975623_000000000000000_PIT_1975Central Library, BUET 436762015-03-12Circulation section 
Central Library, BUET  5 2015-03-12 General Book2015-03-12 623/PIT/1975623_000000000000000_PIT_1975Central Library, BUET 428432015-03-12Circulation section 
Central Library, BUET  6 2015-04-16 General Book2015-04-16 623/FIT/1975623_000000000000000_FIT_1975Central Library, BUET 433082015-04-16Circulation section 
Central Library, BUET  7 2015-04-18 General Book2015-04-18 623/FIT/1975623_000000000000000_FIT_1975Central Library, BUET 433162015-04-18Circulation section 
Central Library, BUET  8 2015-04-21 General Book2015-04-21 623/FIT/1975623_000000000000000_FIT_1975Central Library, BUET 433102015-04-21Circulation section 
Central Library, BUET  9 2015-04-21 General Book2015-04-21 623/FIT/1975623_000000000000000_FIT_1975Central Library, BUET 436772015-04-21Circulation section 
Central Library, BUET  10 2015-04-21 General Book2015-04-21 623/FIT/1975623_000000000000000_FIT_1975Central Library, BUET 433132015-04-21Circulation section 
Central Library, BUET  11 2015-04-21 General Book2015-04-21 623/FIT/1975623_000000000000000_FIT_1975Central Library, BUET 433072015-04-21Circulation section 
Central Library, BUET  12 2015-04-21 General Book2015-04-21 623/FIT/1975623_000000000000000_FIT_1975Central Library, BUET 511012015-04-21Circulation section 
Central Library, BUET  13 2015-06-28 Reading Item2015-06-28 623/FIT/1975623_000000000000000_FIT_1975Central Library, BUET 428412015-06-28Reading section 
Central Library, BUET  14 2015-06-28 Reading Item2015-06-28 623/FIT/1975623_000000000000000_FIT_1975Central Library, BUET 428402015-06-28Reading section 
Central Library, BUET  15 2015-06-28 Reading Item2015-06-28 623/FIT/1975623_000000000000000_FIT_1975Central Library, BUET 436792015-06-28Reading section